- Instituto Nacional de Investigación Educativa (México)
Entry Nombre Corporativo
Number of records used in: 215
001 - NÚMERO DE CONTROL
- campo de control: 28086
003 - IDENTIFICADOR DE NUMERO DE CONTROL
- campo de control: UPN
005 - FECHA Y HORA DE LA ÜLTIMA TRANSACCIÓN
- campo de control: 20240930135207.0
008 - DATOS DE LONGITUD FIJA
- campo de control de longitud fija: nabaccnnaabn|||||||||| b |nc|||||d
035 ## - NÚMERO DE CONTROL
- Número de control: UPN11000000192
040 ## - FUENTE DE CATALOGACIÓN
- Lenguaje de catalogación: SPA
- Agencia transcribe: UPN
- Agencia original de catalogación: MX-MxUPN
110 2# - ENCABEZAMIENTO - NOMBRE CORPORATIVO
- Nombre corporativo o de jurisdicción como elemento de entrada : Instituto Nacional de Investigación Educativa (México)
410 1# - MENCIÓN DE REFERENCIA “VÉASE” – NOMBRE DE ENTIDAD CORPORATIVA
- Corporate name or jurisdiction name as entry element: México.
- Subordinate unit: Secretaría de Educación Pública.
- Subordinate unit: Instituto Nacional de Investigación Educativa
410 2# - MENCIÓN DE REFERENCIA “VÉASE” – NOMBRE DE ENTIDAD CORPORATIVA
- Control subfield: d
- Corporate name or jurisdiction name as entry element: INIE
510 ## - MENCIÓN DE REFERENCIA “VÉASE ADEMÁS”- NOMBRE DE ENTIDAD CORPORTATIVA
- Control subfield: r
- Relationship information: Antecesor
- Corporate name or jurisdiction name as entry element: Instituto Nacional de Pedagogía (México)
670 ## - FUENTE EN LA QUE SE LOCALIZARON DATOS
- Cita de la fuente : T
- Información localizada: Mi cuaderno de actividades
670 ## - FUENTE EN LA QUE SE LOCALIZARON DATOS
- Cita de la fuente : The power of concentration, 1916:
- Información localizada: Portada (sello del I.N.I.E.)
902 ## - CATALOGADOR
- Catalogador: DAA/010807
